00000000nam 2200000zi 4500
0019.939738
003CaOODSP
00520250821125604
006m     o  d f      
007cr mn|||||||||
008240624e20240830onc     ob   f000 0 eng d
020 |a9780660724973
040 |aCaOODSP|beng|erda|cCaOODSP
043 |an-cn---
045 |ay2y2
0861 |aNR16-444/2024E-PDF
24500|aAudit of professional services contracting / |cOffice of Audit and Evaluation.
264 1|a[Ottawa] : |bNational Research Council Canada = Conseil national de recherches Canada, |cAugust 30, 2024.
264 4|c©2024
300 |a1 online resource (29 pages)
336 |atext|btxt|2rdacontent
337 |acomputer|bc|2rdamedia
338 |aonline resource|bcr|2rdacarrier
500 |aIssued also in French under title: Audit de la passation des marchés de services professionnels.
504 |aIncludes bibliographical references (page 29).
520 |a"To aid in delivering its mandate, the National Research Council of Canada (NRC) engages individuals or organizations to meet unexpected fluctuations in workload, to acquire specialized expertise not readily available in the public service, or to fill in for public servants during temporary absences. … The objective of this audit was to provide NRC senior management with independent assurance that the NRC's use of professional services was compliant with the Treasury Board of Canada's Contracting Policy, Directive on the Management of Procurement, Government Contract Regulations, and NRC policies, directives and procedures. Using a risk-based, targeted sampling approach leveraging data analytics, we identified and examined professional services contracts awarded or amended between April 1, 2020 and March 31, 2022. …"-- Executive summary and conclusion, pages 4, 5.
61020|aNational Research Council Canada|xAuditing.
650 0|aContracting out|zCanada|xAuditing.
7102 |aNational Research Council Canada, |eissuing body.
77508|tAudit de la passation des marchés de services professionnels / |w(CaOODSP)9.939739
85640|qPDF|s401 KB|uhttps://publications.gc.ca/collections/collection_2025/cnrc-nrc/NR16-444-2024-eng.pdf
8564 |qHTML|sN/A|uhttps://nrc.canada.ca/en/corporate/planning-reporting/audit-professional-services-contracting